Los Faraces (Record no. 814)
[ view plain ]
| 000 -CABECERA | |
|---|---|
| campo de control de longitud fija | 00893nam a2200241 a 4500 |
| 001 - NÚMERO DE CONTROL | |
| campo de control | BRCA_923 |
| 005 - FECHA Y HORA DE LA ÚLTIMA TRANSACCIÓN | |
| campo de control | 20190320203216.0 |
| 008 - DATOS DE LONGITUD FIJA--INFORMACIÓN GENERAL | |
| campo de control de longitud fija | 020508s1988----sp-a---###---#000-0#spa-# |
| 020 ## - NÚMERO INTERNACIONAL ESTÁNDAR DEL LIBRO | |
| Número Internacional Estándar del Libro | 8440419791 |
| 040 ## - FUENTE DE LA CATALOGACIÓN | |
| Centro catalogador/agencia de origen | NNFr |
| Centro/agencia transcriptor | NNFr |
| 050 #4 - SIGNATURA TOPOGRÁFICA DE LA BIBLIOTECA DEL CONGRESO | |
| Número de clasificación | NK7162 |
| Número de documento/Ítem | .C78 1988 |
| 100 1# - ENTRADA PRINCIPAL--NOMBRE DE PERSONA | |
| Nombre de persona | Cruz Valdovinos, José Manuel |
| Fechas asociadas al nombre | 1943- |
| 9 (RLIN) | 2201 |
| 245 10 - MENCIÓN DE TÍTULO | |
| Título | Los Faraces |
| Resto del título | plateros complutenses del siglo XVI |
| Mención de responsabilidad, etc. | José Manuel Cruz Valdovinos. |
| 260 ## - PUBLICACIÓN, DISTRIBUCIÓN, ETC. | |
| Lugar de publicación, distribución, etc. | Alcalá de Henares, España |
| Nombre del editor, distribuidor, etc. | Fundación Colegio del Rey |
| Fecha de publicación, distribución, etc. | 1988 |
| 300 ## - DESCRIPCIÓN FÍSICA | |
| Extensión | 292 p. |
| Otras características físicas | il. blanco y negro |
| Dimensiones | 21 cm. |
| 440 #0 - MENCIÓN DE SERIE/PUNTO DE ACCESO ADICIONAL--TÍTULO | |
| Título | Alcalá ensayo |
| Designación de volumen o secuencia | 10 |
| 9 (RLIN) | 3055 |
| 500 ## - NOTA GENERAL | |
| Nota general | Incluye índice de poblaciones, cronología y apéndice fotográfico |
| 600 14 - PUNTO DE ACCESO ADICIONAL DE MATERIA--NOMBRE DE PERSONA | |
| Nombre de persona | Faraz, Juan |
| Fechas asociadas al nombre | 1533-1550 |
| 9 (RLIN) | 3056 |
| 600 14 - PUNTO DE ACCESO ADICIONAL DE MATERIA--NOMBRE DE PERSONA | |
| Nombre de persona | Faraz, Juan Francisco |
| Fechas asociadas al nombre | 1540-1579 |
| 9 (RLIN) | 3057 |
| 600 14 - PUNTO DE ACCESO ADICIONAL DE MATERIA--NOMBRE DE PERSONA | |
| Nombre de persona | Faraz, Antonio |
| Fechas asociadas al nombre | 1548-1576 |
| 9 (RLIN) | 3058 |
| 650 14 - PUNTO DE ACCESO ADICIONAL DE MATERIA--TÉRMINO DE MATERIA | |
| Término de materia o nombre geográfico como elemento de entrada | Trabajos en plata |
| Subdivisión geográfica | Alcalá de Henares - España |
| 9 (RLIN) | 3059 |
| 942 ## - ELEMENTOS DE PUNTO DE ACCESO ADICIONAL (KOHA) | |
| Fuente del sistema de clasificación o colocación | Library of Congress Classification |
| Tipo de ítem Koha | Libros |
| Estado de retiro | Estado de pérdida | Estado dañado | No para préstamo | Localización permanente | Ubicación/localización actual | Fecha de adquisición | Total de préstamos | Signatura topográfica completa | Código de barras | Fecha visto por última vez | Precio válido a partir de | Tipo de ítem Koha |
|---|---|---|---|---|---|---|---|---|---|---|---|---|
| El ejemplar forma parte de la colección y puede ser consultado según las políticas vigentes. | Biblioteca del Museo Franz Mayer (Rogerio Casas-Alatriste) | Biblioteca del Museo Franz Mayer (Rogerio Casas-Alatriste) | 26/06/2008 | NK7162 .C78 1988 | 01395 | 22/03/2019 | 22/03/2019 | Libros |